Statistics for The 1975 - I'm In Love With You

Click here to take the quiz!

General Stats

  • This quiz has been taken 16 times
  • The average score is 290 of 354

Answer Stats

Answer% Correct
a
100%
do
100%
Heartbeat
100%
I
100%
(I
100%
I-I-I-I-I
100%
I'm
100%
In
100%
in
100%
it!
100%
it
100%
on)
100%
on
100%
"One
100%
one
100%
so
100%
you"
100%
You
100%
(you
100%
you
100%
been
88%
coming
88%
gonna
88%
is
88%
Is
88%
love
88%
me
88%
meaning
88%
my
88%
need
88%
say
88%
second
88%
something
88%
strong)
88%
strong
88%
the
88%
there's
88%
to
88%
with
88%
yeah)
88%
yeah
88%
(yeah)
88%
(yeah
88%
Yeah
88%
and
75%
baby
75%
blessings
75%
But
75%
can
75%
can't
75%
counting
75%
Don't
75%
don't
75%
fuck
75%
got
75%
if
75%
It's
75%
it's
75%
I've
75%
Just
75%
just
75%
like
75%
stop
75%
that
75%
Thinking
75%
through
75%
two
75%
all
63%
know
63%
long
63%
muppet
63%
night
63%
no
63%
not
63%
(oh
63%
Oh
63%
thing
63%
thing)
63%
this
63%
what
63%
What
63%
Apologize
50%
(black
50%
Black
50%
deep
50%
down
50%
found
50%
girl
50%
goes
50%
(Hold
50%
lips
50%
list
50%
loosen
50%
show
50%
thought)
50%
Well
50%
your
50%
your)
50%
call
38%
conversation
38%
feel
38%
for
38%
getting
38%
going
38%
keep
38%
listening)
38%
moving
38%
of
38%
Pretending
38%
Reading
38%
She's
38%
simple
38%
sleep
38%
somewhere
38%
summarize
38%
take
38%
Tossing
38%
turning
38%
wasn't
38%
wrongs
38%
broadsheet
25%
(come
25%
eyes
25%
gotta
25%
her
25%
(hey)
25%
meet
25%

Score Distribution

Percentile by Number Answered

Percent of People with Each Score

Your Score History

You have not taken this quiz